Miasta w historii Europy #1 - Statystyki

Ogólne statystyki
  • Ten quiz został rozwiązany 254 razy
  • Średni wynik to 15 z 20
Statystyki odpowiedzi
Podpowiedź Miasto % Poprawnych
Stolica potężnej republiki, która po śmierci Juliusza Cezara stała się imperium Rzym
99%
Znane jako „Miejsce narodzin demokracji” Ateny
98%
Stolica Cesarstwa Bizantyjskiego Konstantynopol
94%
Miasto, w którym mieszkał Johann Strauss II, kompozytor znany jako „Król Walca” Wiedeń
92%
Włoskie miasto zbudowane na lagunie, które w średniowieczu dominowało w handlu śródziemnomorskim Wenecja
91%
W latach 1920–1939 ten nadbałtycki port był wolnym miastem pod ochroną Ligi Narodów. Gdańsk
90%
Dawna stolica Rosji nad rzeką Newą Petersburg
90%
Pokonała powyższe w wojnie peloponeskiej Sparta
86%
Znane jako „Miejsce narodzin renesansu” Florencja
81%
Miejsce zamachu na arcyksięcia Franciszka Ferdynanda Sarajewo
81%
Wieś w Belgii, niedaleko miejsca, w którym Napoleon poniósł ostateczną klęskę Waterloo
80%
Miasto, którego nazistom nie udało się zdobyć w latach 1942–1943, co stanowiło punkt zwrotny w II wojnie światowej Stalingrad
71%
Rywal wyżej wymienionego miejsca, w którym urodził się Krzysztof Kolumb Genua
70%
Najbardziej uprzemysłowione miasto świata w pierwszej połowie XIX wieku Manchester
69%
Francuskie miasto, w którym mieszkali papieże i antypapieże w czasie schizmy katolickiej Awinion
60%
Znajduje się tu najwyższy posąg starożytnego świata, który stał zaledwie 54 lata, zanim zawalił się podczas trzęsienia ziemi w 226 r. p.n.e. Rodos
59%
Defenestracje w tym mieście doprowadziły do ​​wojny trzydziestoletniej Praga
58%
Stolica ostatniego muzułmańskiego emiratu w Hiszpanii, który upadł w 1492 roku Grenada
53%
Miejsce, gdzie zbudowano Titanica Belfast
41%
Miejsce, w którym angielski arcybiskup Thomas Becket został zamordowany przez Henryka II Canterbury
27%
Nie znaleziono quizów pasujących do podanych kryteriów
Rozkład punktacji
Procent ludzi z każdym wynikiem
Percentyl według liczby udzielonych odpowiedzi
Twoja historia wyników
Nie rozwiązałeś tego quizu